000 00490nam a2200181Ia 4500
001 43343
008 140425s9999 xx 000 0 und d
020 _aNA
040 _cPK-LaUMT
082 _aRHC 891.4394
_bABU-T
100 _aAbu Al Khair Kashfi, Muhammad
245 _aTanqeedi sargarmiyan (Urdu)
_cAbu Al Khair Kashfi, Muhammad
260 _aKarachi,Pakistan:
_bZamzam Publishers,
_c2007
300 _a264 p.
546 _aUR
650 _aPakistani literature-Urdu
942 _cBK
999 _c41353
_d41353